| 000 | 00592cam a22002411 4500 | ||
|---|---|---|---|
| 001 | ne 68002279 | ||
| 003 | DLC | ||
| 005 | 20260227111843.0 | ||
| 008 | 890331s1967 xx ab 000 0 ara | ||
| 010 | _ane 68002279 | ||
| 035 | _a(OCoLC)23506886 | ||
| 040 |
_aDLC _cMiU _dDLC |
||
| 042 | _apremarc | ||
| 043 | _ae-sp--- | ||
| 050 | 0 | 0 |
_aDP359 _b.M3 |
| 100 | 1 | _aMakkī, Maḥmūd ʻAlī. | |
| 245 | 1 | 0 | _aMadrīd al-ʻArabīyah. |
| 260 | _c[1967?] | ||
| 300 |
_a150 p. _billus., maps. _c20 cm. |
||
| 500 | _aRomanized. | ||
| 650 | 0 |
_aArabs _zSpain |
|
| 651 | 0 |
_aMadrid (Spain) _xHistory |
|
| 999 |
_c50482 _d50482 |
||